Holiday Quiz

Random Holiday or Sporcle Quiz
Score 0/15 Timer 03:00
2 Plays Today
Hint Answer % Correct
This middle-class suburban mother spends a great deal of time shuttling her children to and from various activities, often athletic in natureSoccer Mom
82.3%
Holiday celebrated on the second Sunday of May honoring family's matriarchMother's Day
75.6%
Broadway play based upon the works of ABBAMamma Mia!
75.4%
Albanian-Indian nun who won the Nobel Peace Prize in 1979 and was canonized by the Catholic Church in 2016Mother Teresa
69%
The main printed circuit found in general purpose computers and other expandable systemsMotherboard
67%
High-waisted denim pants highlighting the flat curve of the buttocksMom Jeans
61.3%
Imaginary author of a collection of French fairy tales and English nursery rhymesMother Goose
58.1%
According to a well-known proverbial phrase, necessity is thisThe Mother of Invention
51.6%
Hint Answer % Correct
Children's game in which a parent's permission is sought to move towards an objectiveMother May I?
50.6%
1981 film about Joan Crawford's child-rearing practices, based upon her daughter's bookMommie Dearest
47.4%
Major mountain range system in Mexico running along the Gulf of CaliforniaSierra Madre Occidental
41.2%
This nickname of Queen Victoria references the fact that her progeny has spread throughout the royal houses of a certain continentMother of Europe
36.2%
1980s sitcom spin-off from The Carol Burnett Show featuring Vicki LawrenceMama's Family
31.7%
Béchamel, Velouté, Espagnole, Hollandaise and Tomato sauceMother Sauces
31.7%
Waylon Jennings and Willie Nelson song recommending that mothers discourage their children from a certain professionMammas, Don't Let Your Babies Grow Up To Be Cowboys
29.2%
Come Together.
Have Fun.
All Virtual.
We all need to come together. Play Sporcle's virtual live trivia to have fun, connect with people, and get your trivia on. Join a live hosted trivia game for your favorite pub trivia experience done virtually. If a virtual private party is more your thing, go here for details.

You're not logged in!

Compare scores with friends on all Sporcle quizzes.
OR
Log In

Sporcle TV

Today on Sporcle TV


Watch our educational content, quiz creation guides, and fun videos on Sporcle TV.

Show Comments

Extras

Top Quizzes Today


Score Distribution

Paid Content

Your Account Isn't Verified!

In order to create a playlist on Sporcle, you need to verify the email address you used during registration. Go to your Sporcle Settings to finish the process.

Report this User

Report this user for behavior that violates our Community Guidelines.

Details: